Walking from East to West : (Record no. 9422)
[ view plain ]
| 000 -LEADER | |
|---|---|
| fixed length control field | 01904cam a22003974a 4500 |
| 001 - CONTROL NUMBER | |
| control field | 14038214 |
| 003 - CONTROL NUMBER IDENTIFIER | |
| control field | GBCCL |
| 005 - DATE AND TIME OF LATEST TRANSACTION | |
| control field | 20241126110711.0 |
| 008 - FIXED-LENGTH DATA ELEMENTS--GENERAL INFORMATION | |
| fixed length control field | 050715s2006 miua 000 0aeng |
| 010 ## - | |
| -- | 2005020433 |
| 020 ## - INTERNATIONAL STANDARD BOOK NUMBER | |
| International Standard Book Number | 0310259150 (acidfree paper) |
| 020 ## - INTERNATIONAL STANDARD BOOK NUMBER | |
| International Standard Book Number | 9780310259152 (acidfree paper) |
| 020 ## - INTERNATIONAL STANDARD BOOK NUMBER | |
| Canceled/invalid ISBN | 9780310566045 (epub) |
| 035 ## - SYSTEM CONTROL NUMBER | |
| System control number | (OCoLC)ocm61169656 |
| 040 ## - CATALOGING SOURCE | |
| Original cataloging agency | DLC |
| Transcribing agency | DLC |
| Modifying agency | YDX |
| -- | BAKER |
| -- | DLC |
| 042 ## - | |
| -- | pcc |
| 043 ## - | |
| -- | a-ii--- |
| -- | n-cn--- |
| 050 00 - | |
| -- | BR1725.Z33 |
| -- | A3 2006 |
| 082 00 - DEWEY DECIMAL CLASSIFICATION NUMBER | |
| Classification number | 269.2092 |
| -- | B |
| Edition information | 22 |
| Item number | ZAC |
| 100 1# - MAIN ENTRY--PERSONAL NAME | |
| Personal name | Zacharias, Ravi, |
| Relator term | author. |
| 9 (RLIN) | 16431 |
| 245 10 - TITLE STATEMENT | |
| Title | Walking from East to West : |
| Remainder of title | God in the shadows / |
| Statement of responsibility, etc. | Ravi Zacharias. |
| 250 ## - EDITION STATEMENT | |
| Edition statement | 1st ed. |
| 260 ## - PUBLICATION, DISTRIBUTION, ETC. | |
| Place of publication, distribution, etc. | Grand Rapids, Mich. : |
| Name of publisher, distributor, etc. | Zondervan, |
| Date of publication, distribution, etc. | c2006. |
| 300 ## - PHYSICAL DESCRIPTION | |
| Extent | 240 p. : |
| Other physical details | ill. ; |
| Dimensions | 24 cm. |
| 505 0# - FORMATTED CONTENTS NOTE | |
| Formatted contents note | A life out of nothing -- Long shadows -- Hidden gold -- My father's house -- The cricket field -- Wedding crashers and ashes -- The raj path and the assigned way -- The longest shadow -- A book on the ash heap -- Extraordinary men -- The girl in the church -- 'I am called to this?' -- The longest journey -- Veritas -- One destination -- Returning : God in the shadows. |
| 600 10 - SUBJECT ADDED ENTRY--PERSONAL NAME | |
| Personal name | Zacharias, Ravi. |
| 9 (RLIN) | 16431 |
| 650 #0 - SUBJECT ADDED ENTRY--TOPICAL TERM | |
| Topical term or geographic name entry element | Christian biography |
| Geographic subdivision | India. |
| 9 (RLIN) | 9405 |
| 650 #0 - SUBJECT ADDED ENTRY--TOPICAL TERM | |
| Topical term or geographic name entry element | Christian biography |
| Geographic subdivision | Canada. |
| 9 (RLIN) | 9810 |
| 700 1# - ADDED ENTRY--PERSONAL NAME | |
| Personal name | Sawyer, Scott. |
| 9 (RLIN) | 16432 |
| 856 41 - ELECTRONIC LOCATION AND ACCESS | |
| Materials specified | Table of contents only |
| Uniform Resource Identifier | <a href="http://www.loc.gov/catdir/toc/ecip0516/2005020433.html">http://www.loc.gov/catdir/toc/ecip0516/2005020433.html</a> |
| 856 42 - ELECTRONIC LOCATION AND ACCESS | |
| Materials specified | Publisher description |
| Uniform Resource Identifier | <a href="http://www.loc.gov/catdir/enhancements/fy0659/2005020433-d.html">http://www.loc.gov/catdir/enhancements/fy0659/2005020433-d.html</a> |
| 856 41 - ELECTRONIC LOCATION AND ACCESS | |
| Materials specified | Sample text |
| Uniform Resource Identifier | <a href="http://www.loc.gov/catdir/enhancements/fy0642/2005020433-s.html">http://www.loc.gov/catdir/enhancements/fy0642/2005020433-s.html</a> |
| 906 ## - LOCAL DATA ELEMENT F, LDF (RLIN) | |
| a | 7 |
| b | cbc |
| c | orignew |
| d | 1 |
| e | ecip |
| f | 20 |
| g | y-gencatlg |
| 942 ## - ADDED ENTRY ELEMENTS (KOHA) | |
| Source of classification or shelving scheme | Dewey Decimal Classification |
| Koha item type | Books |
| Withdrawn status | Lost status | Source of classification or shelving scheme | Damaged status | Not for loan | Home library | Current Library | Shelving location | Date acquired | Total checkouts | Full call number | Barcode | Date last seen | Copy number | Price effective from | Koha item type |
|---|---|---|---|---|---|---|---|---|---|---|---|---|---|---|---|
| Dewey Decimal Classification | GRACE BIBLE COLLEGE | GRACE BIBLE COLLEGE | Ministry & Mission | 2022-11-30 | 269.2092 ZAC | 015907 | 2025-05-01 | c.1 | 2022-11-30 | Books |